000
00205 a2200097 4500
001
43705
100
_a
Smith
245
_a
Technical writing
260
_a
New York
_b
Barnes Noble
_c
090
_c
27483
_d
27483
942
_a
NUST-CAE
_c
M
_c
19428
999
_c
278778
_d
278778